Characters of the Middle-Earth by father's name Quiz Stats

 Plays Quiz not verified by Sporcle

Score 0/200 Timer 15:00
0 Plays Today
% Correct
Aragorn II
100%
Boromir II
97.1%
Gimli
97.1%
Frodo Baggins
97.1%
Meriadoc 'Merry' Brandybuck
97.1%
Peregrin 'Pippin' Took
97.1%
Bilbo Baggins
97.1%
Legolas
95.7%
Samwise 'Sam' Gamgee
95.7%
Faramir
95.7%
Eomer
95.7%
Eowyn
94.3%
Denethor II
88.6%
Thorin II Oakenshield
87.1%
Isildur
87.1%
Gloin
85.7%
Boromir
82.9%
Theoden
81.4%
Dain II Ironfoot
80%
Frodo Gardner Gamgee
80%
Thorin III Stonehelm
78.6%
Thorin I
78.6%
Elrond
77.1%
Elendil
74.3%
Theodred
74.3%
Galadriel
74.3%
Gloin, son of Thorin
74.3%
Anarion
72.9%
Arwen
72.9%
Dain I
72.9%
Hurin
71.4%
Beren Erchamion
71.4%
Elros
71.4%
Thengel
70%
Elrohir
70%
Thrain II
70%
Thrain I
70%
Beren, son of Belemir
68.6%
Turin Turambar
67.1%
Tuor
67.1%
Luthien
67.1%
Finarfin
67.1%
Dior
67.1%
Arathorn II
65.7%
Elladan
65.7%
Thranduil
64.3%
Turgon
64.3%
Feanor
64.3%
Fingolfin
62.9%
Maedhros, Maglor, Celegorm, Caranthir, Curufin, Amrod, Amras
62.9%
Earendil
62.9%
Finrod
61.4%
Balin
61.4%
Huor
60%
Oin
60%
Oin
60%
Celebrian
58.6%
Haldir
58.6%
Hador
57.1%
Celeborn
55.7%
Dwalin
55.7%
Durin VII
55.7%
Thror
55.7%
Fingon
51.4%
Angrod
51.4%
Elwing
51.4%
Nain
51.4%
% Correct
Nain II
51.4%
Nain I
51.4%
Brego
50%
Helm Hammerhand
48.6%
Orodreth
48.6%
Fili
48.6%
Kili
48.6%
Grima Wormtongue
47.1%
Eorl the Young
47.1%
Gil-galad
47.1%
Baran
47.1%
Ecthelion II
45.7%
Maeglin
45.7%
Boron
45.7%
Barahir
45.7%
Bolg
45.7%
Magor
44.3%
Bregolas
44.3%
Celebrimbor
42.9%
Idril
42.9%
Eldarion
42.9%
Beldir
42.9%
Haldan
42.9%
Hundar
42.9%
Barahir
42.9%
Aredhel
41.4%
Baragund
41.4%
Halmir
41.4%
Enthor
41.4%
Aldor the Old
40%
Hathol
40%
Bregor
40%
Handir
40%
Hundad
40%
Gror
40%
Brand
38.6%
Galadhon
38.6%
Imlach
38.6%
Galdor
38.6%
Belen
38.6%
Gram
38.6%
Arvedui
37.1%
Aegnor
37.1%
Finduilas
37.1%
Belemir
37.1%
Elanor Gamgee
37.1%
Folcwine
37.1%
Frea
37.1%
Walda
37.1%
Galathil
35.7%
Baranor
35.7%
Haldar
35.7%
Dis
35.7%
Fengel
35.7%
Deor
35.7%
Borin
34.3%
Fundin
34.3%
Groin
34.3%
Morwen
32.9%
Nienor Niniel
32.9%
Imrahil
31.4%
Farin
31.4%
Goldwine
31.4%
Earwen
30%
Nerdanel
30%
Belegund
30%
Haleth
30%
% Correct
Amandil
30%
Valandil
30%
Earnur
30%
Brytta Leofa
30%
Nimloth
28.6%
Bereg
28.6%
Folca the Hunter
28.6%
Gilraen the Fair
27.1%
Argon
27.1%
Freawine
27.1%
Haleth
27.1%
Malach
25.7%
Meneldil
25.7%
Ar-Pharazon
24.3%
Findis
24.3%
Elboron
22.9%
Elured
21.4%
Rian
21.4%
Urwen Lalaith
21.4%
Fram
21.4%
Hama
21.4%
Elurin
20%
Irime
18.6%
Frerin
18.6%
Brandir, son of Arachon
17.1%
Brandir the Lame
17.1%
Kim
17.1%
Ibun
15.7%
Elfwine
15.7%
Vardamir Nolimon
14.3%
Ingwion
12.9%
Gundor
12.9%
Hareth
12.9%
Fror
12.9%
Amlach
11.4%
Gloredhel
11.4%
Hirwen
11.4%
Bregil
11.4%
Gilwen
11.4%
Tindomiel
11.4%
Baldor
11.4%
Faniel
10%
Adanel
10%
Beril
10%
Andreth
10%
Emeldir
10%
Beleth
10%
Beldis
10%
Hiril
10%
Hunleth
10%
Hardang
10%
Hunthor
10%
Meleth
10%
Manwendil
10%
Atanalcar
10%
Elendur
10%
Theodwyn
10%
Belegor
8.6%
Manthor
8.6%
Aratan
8.6%
Ciryon
8.6%
Vidumavi
8.6%
Fastred
7.1%
Eofor
5.7%
Folcred
5.7%
Hilde
2.9%

You're not logged in!

Compare scores with friends on all Sporcle quizzes.
OR
Log In

You Might Also Like...

Show Comments

Extras

Created Apr 17, 2011ReportNominate
Tags:character, father, Middle Earth

Top Quizzes Today


Score Distribution

Your Account Isn't Verified!

In order to create a playlist on Sporcle, you need to verify the email address you used during registration. Go to your Sporcle Settings to finish the process.

Report this User

Report this user for behavior that violates our Community Guidelines.

Details: